Калибры для контроля шлицевых эвольвентных соединений с углом профиля 30(0). Конструкция и основные размеры. Рекомендации Р 50-73-88

Dades bibliogràfiques
Autor corporatiu: СССР Государственный комитет по стандартам (Госстандарт)
Idioma:rus
Publicat: Москва, Изд-во стандартов, 1989
Col·lecció:Рекомендации по стандартизации
Matèries:
Format: MixedMaterials Llibre
KOHA link:https://koha.lib.tpu.ru/cgi-bin/koha/opac-detail.pl?biblionumber=144631

MARC

LEADER 00000nam0a2200000 4500
001 144631
005 20231031143747.0
029 1 0 |a RU  |b 50-73-88  |c Р 
035 |a (RuTPU)RU\TPU\book\156745 
035 |a RU\TPU\book\156708 
090 |a 144631 
100 |a 20081007d1989 k a0rusy50 ca 
101 0 |a rus 
102 |a RU 
105 |a a l 000zy 
200 1 |a Калибры для контроля шлицевых эвольвентных соединений с углом профиля 30(0). Конструкция и основные размеры. Рекомендации Р 50-73-88  |f СССР, Государственный комитет по стандартам (Госстандарт) 
210 |a Москва  |c Изд-во стандартов  |d 1989 
215 |a 116 с.  |c ил. 
225 1 |a Рекомендации по стандартизации 
229 |a Введены в действие Постановлением Госсударственного комитета СССР по стандартам от 01.09.88 № 3097. Введены впервые 
610 1 |a рекомендации 
610 1 |a калибры 
610 1 |a контроль 
610 1 |a шлицевые соединения 
610 1 |a конструкции 
610 1 |a размеры 
675 |a 621.7(083)  |v 3 
712 0 1 |a СССР  |b Государственный комитет по стандартам (Госстандарт)  |c (1978-1989)  |2 stltpush  |3 (RuTPU)RU\TPU\col\12454 
801 1 |a RU  |b 63413507  |c 20080619  |g PSBO 
801 2 |a RU  |b 63413507  |c 20221207  |g PSBO 
942 |c BK